Ovládanie aplikácie s využitím AI chatbota a RPA

Salvato in:
Dettagli Bibliografici
Autore principale: Sigetiová, Andrea (Autore)
Altri autori: Drahoš, Peter (Relatore della tesi)
Natura: Manoscritto Libro
Lingua:slovacco
Pubblicazione: 2025
Soggetti:
Accesso online:http://is.stuba.sk/zp/portal_zp.pl?podrobnosti=184469
Tags: Aggiungi Tag
Nessun Tag, puoi essere il primo ad aggiungerne!!

MARC

LEADER 00000ntm a22000003a 4500
001 stuzp101803
003 SK-STU
005 20250614210826.3
007 ta
008 150427s2015----xo-----f-mn---000-0-slo-d
040 |a STU  |b slo 
041 0 |a slo 
100 1 |a Sigetiová, Andrea  |u 030400  |4 aut  |U FEI Fakulta elektrotechniky a informatiky  |T FEI Ústav automobilovej mechatroniky  |X 111438  |U E400  |Y 642  |7 111438 
242 0 1 |a Application control using AI chatbot and RPA  |y eng 
245 1 0 |a Ovládanie aplikácie s využitím AI chatbota a RPA 
260 |c 2025 
650 4 |a QA module  |2 eng 
650 4 |a Large Language Models  |2 eng 
650 4 |a RPA  |2 eng 
650 4 |a Robotic process automation  |2 eng 
650 4 |a Chatbot  |2 eng 
650 4 |a AI  |2 eng 
650 4 |a Artificial intelligence  |2 eng 
650 4 |a LLM  |2 eng 
650 4 |a Robot Framework  |2 eng 
650 4 |a QA modul  |2 slo 
650 4 |a Robotická automatizácia procesov  |2 slo 
650 4 |a Umelá inteligencia  |2 slo 
650 4 |a LLM  |2 slo 
650 4 |a Veľké jazykové modely  |2 slo 
650 4 |a Robot Framework  |2 slo 
650 4 |a Chatbot  |2 slo 
650 4 |a AI  |2 slo 
650 4 |a RPA  |2 slo 
700 1 |a Drahoš, Peter  |u 030400  |k Z1  |4 ths  |U FEI Fakulta elektrotechniky a informatiky  |T FEI Ústav automobilovej mechatroniky  |X 3709  |U E400  |Y 642  |7 A000003709 
856 4 |u http://is.stuba.sk/zp/portal_zp.pl?podrobnosti=184469